Actas y documentos de las sesiones de la Tercera Reunión sobre Mar Territorial y Cuestiones Afines
保存先:
| 団体著者: | |
|---|---|
| フォーマット: | 図書 |
| 言語: | スペイン語 |
| 出版事項: |
Washington, D.C
Unión Panamericana
1956
|
| 主題: | |
| タグ: |
タグ追加
タグなし, このレコードへの初めてのタグを付けませんか!
|
MARC
| LEADER | 00000nam a2200000 a 4500 | ||
|---|---|---|---|
| 001 | UCT9376 | ||
| 003 | CL-VaPUC | ||
| 005 | 20230622095659.0 | ||
| 008 | 970404e19560000us 1 spa d | ||
| 082 | 0 | 4 | |a 341.448 |b CON |2 21 |
| 110 | 2 | |a Consejo Interamericano de Jurisconsultos |e author |9 618289 | |
| 245 | 1 | 0 | |a Actas y documentos de las sesiones de la Tercera Reunión sobre Mar Territorial y Cuestiones Afines |
| 260 | |a Washington, D.C |b Unión Panamericana |c 1956 | ||
| 300 | |a 518 p | ||
| 583 | |a last modification |c 20180530 10:20:04 |k Rodrigo Vera | ||
| 650 | 0 | 0 | |a Derecho marítimo |9 255301 |
| 650 | 0 | 0 | |a Derecho internacional |9 255637 |
| 650 | 0 | 7 | |a MARES |2 CL-VaPUC |9 358168 |
| 650 | 0 | 0 | |a Aguas superficiales |9 348468 |
| 650 | 0 | 7 | |a PLATAFORMA CONTINENTAL |2 CL-VaPUC |9 255443 |
| 650 | 0 | 7 | |a FONDO OCEANICO |2 CL-VaPUC |9 314212 |
| 942 | |c BK | ||
| 945 | |a paguirre |d 19970404 00:00:00 | ||
| 546 | |a En Español | ||
| 518 | |p Mar Territorial y Cuestiones Afines, 3, México, 17 de Enero al 4 de Febrero de 1956 | ||
| 999 | |c 382876 |d 382874 | ||
| 952 | |0 0 |1 0 |4 0 |6 341_448000000000000_CON_1956 |7 0 |8 P |9 504812 |a BIBDER |b BIBDER |d 2020-01-23 |i 1824198 |o 341.448 CON 1956 |p 1824198 |r 2023-01-25 |w 2020-01-23 |y BK |k DER | ||